Top 50 Baby Girl Names Beginning with I - Statistics

General Stats
  • This quiz has been taken 220 times
  • The average score is 28 of 50
Answer Stats
Hint Answer % Correct
47 Isa
96%
6 Isabel
96%
37 Isabell
96%
4 Isabelle
96%
45 Isobel
96%
48 Izabel
96%
34 Izabelle
96%
15 Isabela
91%
1 Isabella
91%
7 Izabella
91%
32 Ivey
84%
3 Ivy
84%
2 Isla
83%
5 Iris
81%
13 Indie
78%
31 Indy
78%
12 Irene
77%
24 Ida
74%
20 India
74%
42 Iva
68%
25 Imogen
65%
29 Ira
63%
16 Ila
62%
18 Iyla
62%
43 Irina
56%
22 Ivana
53%
10 Ivanna
53%
11 Ivory
53%
50 Ileana
46%
17 Iliana
46%
44 Indiana
46%
40 Iman
41%
38 Ines
41%
46 Inez
41%
39 Ivanka
36%
19 Ingrid
34%
26 Ireland
32%
30 Iyanna
32%
8 Imani
31%
21 Indigo
29%
27 Isadora
27%
35 Italy
27%
33 Isha
23%
9 Itzel
13%
28 Inaaya
12%
23 Inaya
12%
49 Ivette
11%
36 Inara
9%
41 Isela
1%
14 Itzyana
1%
No matching quizzes found
Score Distribution
Percent of People with Each Score
Percentile by Number Answered
Your Score History
You have not taken this quiz